000
00288nam a2200109Ia 4500
008
231011s9999 xx 000 0 und d
041
_a
eng
100
_a
F.L..Lobo
245
_a
Strategies & Techniques For Successful Selling
260
_b
Global Business Press Delhi-95 -
365
_b
385
999
_c
885694
_d
885694